00939nam a2200325Ia 450000500170000000800410001702000150005804000180007304100080009108200200009910000190011924500780013825000120021626000360022830000320026465000310029665000440032765000420037165000200041365000150043370000150044870000160046370000190047970000220049870000230052070000190054370000170056270000170057970000170059620220617151822.0210716s2006 xx 000 0 und d a8176350168 cAIMIT LIBRARY aeng a005.8122bATKD aAtkins, Derek. aInternet security :bProfessional reference /cBy Derek Atkins...[et.,al] a2nd ed. aNew Delhi :bTechmedia ,c2006. axx, 916p. ;bPB ;c23.5 cm. aManaging Internet Security aGaining Access and Securing the Gateway aMessaging : Creating a secure channel aModern Concerns aAppendices aBuis, Paul aHare, Chris aKelley, Robert aNachenberg, Carey aNelson, Anthony B. aPhillips, Paul aRitchey, Tim aSheldon, Tom aSnyder, Joel